|
|
|
|
| LEADER |
00000nam a22000007a 4500 |
| 005 |
20131218163154.0 |
| 007 |
cr|||| |||| |
| 008 |
131218s2013 sp |||||s|||| 00||0|spa d |
| 020 |
|
|
|a 978-84-9031-704-4
|
| 035 |
|
|
|a 11690
|
| 040 |
|
|
|a vLex
|
| 090 |
|
|
|c 4640
|d 4640
|
| 100 |
1 |
|
|a Bustillo Bolado, Roberto O
|
| 245 |
1 |
0 |
|a Nacimiento y evolucin̤ del ferrocarril y su rǧimen jurd̕ico en Espaą
|h [Recurso electrn̤ico] :
|b De las primeras ln̕eas (privadas) en el siglo XIX a la nacionalizacin̤ en el XX y la liberalizacin̤ del sector en el XXI /
|c Roberto O. Bustillo Bolado
|
| 256 |
|
|
|a Servicio en ln̕ea
|
| 260 |
|
|
|a Madrid :
|b Dykinson,
|c 2013
|
| 300 |
|
|
|a 1 recurso electrn̤ico
|
| 506 |
1 |
|
|a Contenido solo disponible en los productos indicados
|d vLex Global
|d vLex Global (Academic Edition, excluding Law Schools)
|d vLex Global (U.S. Academic Edition, Law Schools)
|d vLex Global (U.S. Academic Edition, excluding Law Schools)
|d vLex Global (Academic Edition, Law Schools)
|
| 650 |
0 |
4 |
|a Ferrocarriles
|x Historia
|
| 650 |
0 |
4 |
|a Ferrocarriles
|x Derecho y legislacin̤
|
| 740 |
0 |
|
|a vLex Libros (Servicio en ln̕ea)
|
| 856 |
4 |
0 |
|u http://vlex.com/source/nacimiento-y-evolucion-ferrocarril-y-regimen-juridico-espa-a-11690
|z Acceso restringido
|
| 942 |
|
|
|c BOOK
|
| 999 |
0 |
|
|a Railroads--History
|
| 999 |
0 |
|
|a Railroad law
|